Shire midbar ṿe-naḥash : (Record no. 31975)

MARC details
000 -LEADER
fixed length control field 00539cam a22001931 4500
001 - CONTROL NUMBER
control field he 66001727
003 - CONTROL NUMBER IDENTIFIER
control field DLC
005 - DATE AND TIME OF LATEST TRANSACTION
control field 20260227111441.0
008 - FIXED-LENGTH DATA ELEMENTS--GENERAL INFORMATION
fixed length control field 830714s1965 is 000 0 heb
010 ## - LIBRARY OF CONGRESS CONTROL NUMBER
LC control number he 66001727
035 ## - SYSTEM CONTROL NUMBER
System control number (OCoLC)19166557
040 ## - CATALOGING SOURCE
Original cataloging agency DLC
Transcribing agency MH
Modifying agency CU
-- DLC
042 ## - AUTHENTICATION CODE
Authentication code premarc
050 00 - LIBRARY OF CONGRESS CALL NUMBER
Classification number PJ5054.E5
Item number S5
100 2# - MAIN ENTRY--PERSONAL NAME
Personal name Heler-Elʻor, Tsiporah.
245 10 - TITLE STATEMENT
Title Shire midbar ṿe-naḥash :
Remainder of title shirim /
Statement of responsibility, etc. Tsiporah Elʼor (Heler)
260 ## - PUBLICATION, DISTRIBUTION, ETC.
Place of publication, distribution, etc. [Tel Aviv] :
Name of publisher, distributor, etc. Maḥbarot le-sifrut,
Date of publication, distribution, etc. [1965]
300 ## - PHYSICAL DESCRIPTION
Extent 121 p. ;
Dimensions 21 cm.

No items available.

Powered by Koha